000 00705nam a2200289Ia 4500
005 20260324124905.0
008 008 260324s9999 xx 000 0 eng d
020 _a9780203887981
037 _aEBOOK
040 _aCRL
040 _beng
040 _cCRL
041 _2eng
041 _aeng
084 _qCRL
100 _aIbrahim Elnur; Anoushiravan Ehteshami
_91175890
245 0 _aContested Sudan
245 4 _bThe Political Economy of War and Reconstruction
260 _bTaylor and Francis
260 _c2009
365 _a
365 _b255
856 _uhttp://www.taylorfrancis.com/books/9780203887981
942 _cEBOOK
999 _c1770677
_d1770677